Personaggi di fantasia - B - - Statistics

Statistiche generali
  • Questo quiz è stato fatto 3.536 volte
  • Il punteggio medio è 12 su 20
Statistiche sulle risposte
con Immagini Risposta % Corretto
Batman
99%
Bugs Bunny
97%
Bambi
96%
Barbie
96%
Bart Simpson
96%
Brontolo
92%
Buzz Lightyear
83%
Baloo
71%
Benjamin Price
70%
Bella Swan
68%
Betty Boop
65%
Bowser
65%
Bilbo Baggins
53%
Brian Griffin
50%
Bender Rodriguez
41%
Bridget Jones
34%
Bombolo
16%
Biff Tannen
15%
Bambino
14%
Bruno Sacchi
9%
Nessun quiz corrispondente trovato
Distribuzione punteggi
Percentuale di utenti per punteggio
Percentile per numero di risposta
I tuoi punteggi nel tempo
Non hai fatto questo quiz